000 00944nam a22002537a 4500
005 20240530110342.0
008 141119s2012 le d g 001 0 ara d
020 _a9789953825243
040 _aEG-CaGPL
041 0 _aara
082 0 4 _221
_a322.1/
_bم أ
100 0 _aمى مجيب عبدالمنعم مسعد
245 1 2 _aالاقباط ومطالبهم فى مصر بين التضمين والاستبعاد /
_cمى مجيب عبدالمنعم مسعد
250 _aط 1
260 _aبيروت :
_bمركز دراسات الوحدة العربية ،
_c2012
300 _a495 ص ؛
_c24 سم
490 0 _aسلسلة اطروحات الدكتوراه ؛
_v104
504 _aببليوجرافية : ص 409 - 479
650 0 4 _aالاقباط
_zمصر
650 0 4 _aاحداث الكشح
650 0 4 _aاحداث فرشوط
942 _2ddc
_cBK
999 _c59910
_d59910